01163nam a2200289 i 4500001001000000003000900010005001700019007000300036008004100039020001500080040003000095041000800125082001700133245004900150250002200199264008300221300004500304336002700349337003300376338002800409590002600437910001500463942001400478952012300492952024100615999001700856000037788DO-SdBNP20260601144741.0ta130306s2003 dr a 000 0 spa d a9993422398 aDO-SdBNPbspacBNPHUerda aspa 4axxxbxxx22200aMi país la identidad del joven dominicano. aprimera edición 1aSanto Domingo :bEdiciones de la Secretaría de Estado de la Juventud,c2003. a693 páginas :bilustraciones ;c23 cm. atextobtxt2rdacontent asin mediaciónbn2rdamedia avolumenbnc2rdacarrier aInventariado, 2024/BT aBtavárez 2ddccLBS1 00102ddc51708PDaBNPHUbBNPHUcCTd2013-03-06l0o BNPHU PD p37788-10r2020-06-25w2020-06-25yLBS1ZNo se presta 00102ddc51708PDaBNPHUbBNPHUcCTd2024-10-22eDonado por la Presidencia de la República Dominicana 2023.l0oBNPHU PD p2024-6063r2024-10-22te.2w2024-10-22yLBS1zPerteneció a la biblioteca personal de Emilio Cordero Michel. c37278d37278